00518nam a22001577a 450000500170000000800410001702000180005804000180007605000180009410000160011224501010012826000290022930000330025852100220029165000470031320241218143652.0241218b |||||||| |||| 00| 0 eng d a9781529026191 aKMUcKMUdKMU aQC 793.26 Cli aCliff Harry aHow to make an Apple Pie from Scratch :bIn search of the Recipe for our Universe /cHarry Cliff aLondon:bPicador,c2021. av, 384 pages :bill;c24 cm. aincludes an index aParticles (Nuclear Physics)--Popular works